000 00460nam a2200181Ia 4500
005 20250603145933.0
008 250603s9999 xx 000 0 und d
020 _a1-932099-87-5
050 _aBP 60 .G8513/
100 _aGulen, M. Fethullah
245 4 _aThe statue of our souls : revival in Islamic thought and activism
260 _aNew Jersey
260 _bTughra Books
260 _c2005
300 _a172 p
650 _aNew Jersey
942 _cBK
999 _c43293
_d43293